John Milton Binckley papers, (Record no. 39748)

MARC details
000 -LEADER
fixed length control field 01343cpcaa2200313 4500
001 - CONTROL NUMBER
control field mm 78012732
003 - CONTROL NUMBER IDENTIFIER
control field DLC
005 - DATE AND TIME OF LATEST TRANSACTION
control field 20260227111622.0
008 - FIXED-LENGTH DATA ELEMENTS--GENERAL INFORMATION
fixed length control field 790410|||||||||||| eng
010 ## - LIBRARY OF CONGRESS CONTROL NUMBER
LC control number mm 78012732
NUCMC control number ms 62004613
040 ## - CATALOGING SOURCE
Original cataloging agency DLC
Transcribing agency DLC
Modifying agency DLC
Description conventions dacs
072 #7 - SUBJECT CATEGORY CODE
Subject category code N
Source lcmd
100 1# - MAIN ENTRY--PERSONAL NAME
Personal name Binckley, John Milton.
245 00 - TITLE STATEMENT
Title John Milton Binckley papers,
Inclusive dates 1816-1943.
300 ## - PHYSICAL DESCRIPTION
Extent 85
Type of unit items.
300 ## - PHYSICAL DESCRIPTION
Extent 1
Type of unit container.
506 0# - RESTRICTIONS ON ACCESS NOTE
Terms governing access Open to research.
545 0# - BIOGRAPHICAL OR HISTORICAL DATA
Biographical or historical data Journalist and public official.
520 8# - SUMMARY, ETC.
Summary, etc. Letters (1816-1877) written by Binckley and members of his family; drafts for and clippings of articles on national affairs, concerning the Civil War period and its aftermath in Virginia; letters of Samuel S. Brooke and of a sister of Joseph E. Johnston.
546 ## - LANGUAGE NOTE
Language note Collection material in English.
600 10 - SUBJECT ADDED ENTRY--PERSONAL NAME
Personal name Brooke, Samuel S.
600 10 - SUBJECT ADDED ENTRY--PERSONAL NAME
Personal name Johnston, Joseph E.
Fuller form of name (Joseph Eggleston),
Dates associated with a name 1807-1891.
651 #0 - SUBJECT ADDED ENTRY--GEOGRAPHIC NAME
Geographic name United States
General subdivision History
Chronological subdivision Civil War, 1861-1865.
651 #0 - SUBJECT ADDED ENTRY--GEOGRAPHIC NAME
Geographic name Virginia
General subdivision History
Chronological subdivision Civil War, 1861-1865.
650 #0 - SUBJECT ADDED ENTRY--TOPICAL TERM
Topical term or geographic name entry element Reconstruction (U.S. history, 1865-1877)
Geographic subdivision Virginia.
656 #7 - INDEX TERM--OCCUPATION
Occupation Journalists.
Source of term itoamc

No items available.

Powered by Koha